[Event "IND-chB (Women) 41st"]
[Site "Mapusa"]
[Date "2014.09.07"]
[Round "1"]
[White "Mahalakshmi, Muganda Kumar"]
[Black "Khushita, Shah"]
[Result "1-0"]
[WhiteElo "2048"]
[BlackElo "1306"]
[PlyCount "91"]
[EventDate "2014.09.07"]
[EventType "swiss"]
[EventRounds "11"]
[EventCountry "IND"]
[SourceTitle "CBM 162 Extra"]
[Source "ChessBase"]
[SourceDate "2014.10.17"]
[SourceVersion "1"]
[SourceVersionDate "2014.10.17"]
[SourceQuality "1"]

1. d4 Nf6 2. c4 g6 3. Nc3 Bg7 4. e4 d6 5. f3 Nbd7 6. Be3 c5 7. Nge2 Nb6 8. dxc5 dxc5 9. Qxd8+ Kxd8 10. 0-0-0+ Ke8 11. Nb5 Nfd7 12. Nc7+ Kd8 13. Nxa8 Nxa8 14. Bxc5 b6 15. Bd4 e5 16. Be3 Nc7 17. c5 Ke7 18. cxb6 Nxb6 19. Bc5+ Ke8 20. Nc3 Bf8 21. Be3 Bd7 22. a3 Be7 23. Be2 h5 24. Rd2 Bc6 25. Rhd1 Rh7 26. Kb1 f6 27. Rc1 Bd7 28. Ka2 Rf7 29. b3 Bd8 30. a4 Nc8 31. Nb5 Nxb5 32. Bxb5 Nb6 33. Bxb6 Bxb6 34. Rc8+ Bd8 35. Ra8 a5 36. Rxd7 Rxd7 37. Ra7 Bb6 38. Rxd7 Kf8 39. Rd6 Bc5 40. Rxf6+ Kg7 41. Re6 Bd4 42. b4 axb4 43. a5 g5 44. a6 h4 45. a7 Bxa7 46. Re7+ 1-0